<?xml version="1.0" encoding="UTF-8"?>
<record
    xmlns:xsi="http://www.w3.org/2001/XMLSchema-instance"
    xsi:schemaLocation="http://www.loc.gov/MARC21/slim http://www.loc.gov/standards/marcxml/schema/MARC21slim.xsd"
    xmlns="http://www.loc.gov/MARC21/slim">

  <leader>01138nam a2200301 a 4500</leader>
  <datafield tag="999" ind1=" " ind2=" ">
    <subfield code="c">7694</subfield>
    <subfield code="d">7694</subfield>
  </datafield>
  <controlfield tag="001">991003149559706706</controlfield>
  <controlfield tag="003">OSt</controlfield>
  <controlfield tag="005">20230330182921.0</controlfield>
  <controlfield tag="008">081020s2008    sp     |      000 0 spa|c</controlfield>
  <datafield tag="017" ind1=" " ind2=" ">
    <subfield code="a">DL SE. 4594-2008</subfield>
  </datafield>
  <datafield tag="020" ind1=" " ind2=" ">
    <subfield code="a">9788470742583</subfield>
  </datafield>
  <datafield tag="035" ind1=" " ind2=" ">
    <subfield code="a">(ES-BaCBU).b40676225</subfield>
  </datafield>
  <datafield tag="035" ind1=" " ind2=" ">
    <subfield code="a">(OCoLC)804514048</subfield>
  </datafield>
  <datafield tag="040" ind1=" " ind2=" ">
    <subfield code="a">ES-BaCBU</subfield>
    <subfield code="b">cat</subfield>
    <subfield code="c">CDMR</subfield>
  </datafield>
  <datafield tag="100" ind1="1" ind2=" ">
    <subfield code="a">Garc&#xED;a Gonz&#xE1;lez, M. Nieves.</subfield>
  </datafield>
  <datafield tag="245" ind1="1" ind2="0">
    <subfield code="a">Periodismo, publicidad, cine, comunicaci&#xF3;n audiovisual y relaciones p&#xFA;blicas :</subfield>
    <subfield code="b">iconos para un lenguaje democr&#xE1;tico : un enfoque interdisciplinar para el aprendizaje de los estudios superiores /</subfield>
    <subfield code="c">M. Nieves Garc&#xED;a Gonz&#xE1;lez</subfield>
  </datafield>
  <datafield tag="260" ind1=" " ind2=" ">
    <subfield code="a">Madrid :</subfield>
    <subfield code="b">Fragua,</subfield>
    <subfield code="c">2008</subfield>
  </datafield>
  <datafield tag="300" ind1=" " ind2=" ">
    <subfield code="a">332 p. ;</subfield>
    <subfield code="c">21 cm</subfield>
  </datafield>
  <datafield tag="504" ind1=" " ind2=" ">
    <subfield code="a">Bibliografia</subfield>
  </datafield>
  <datafield tag="650" ind1=" " ind2="7">
    <subfield code="a">Sociologia de la comunicaci&#xF3;</subfield>
    <subfield code="2">thub</subfield>
  </datafield>
  <datafield tag="650" ind1=" " ind2="7">
    <subfield code="a">Ci&#xE8;ncies de la informaci&#xF3;</subfield>
    <subfield code="2">lemac</subfield>
    <subfield code="x">Ensenyament universitari</subfield>
  </datafield>
  <datafield tag="650" ind1=" " ind2="7">
    <subfield code="a">Periodisme</subfield>
    <subfield code="2">lemac</subfield>
    <subfield code="x">Ensenyament universitari</subfield>
  </datafield>
  <datafield tag="830" ind1=" " ind2="0">
    <subfield code="a">Fragua comunicaci&#xF3;n ;</subfield>
    <subfield code="v">61</subfield>
  </datafield>
  <datafield tag="907" ind1=" " ind2=" ">
    <subfield code="a">.b40676225</subfield>
    <subfield code="b">17-06-21</subfield>
    <subfield code="c">21-10-08</subfield>
    <subfield code="d">21-10-08</subfield>
    <subfield code="e">m</subfield>
    <subfield code="f">a</subfield>
    <subfield code="g">-</subfield>
    <subfield code="h">spa</subfield>
    <subfield code="i">sp</subfield>
    <subfield code="j">0</subfield>
    <subfield code="k">1</subfield>
  </datafield>
  <datafield tag="908" ind1=" " ind2=" ">
    <subfield code="a">UAB</subfield>
    <subfield code="a">UB</subfield>
    <subfield code="a">URV</subfield>
    <subfield code="a">URL</subfield>
    <subfield code="a">UdG</subfield>
  </datafield>
  <datafield tag="940" ind1=" " ind2=" ">
    <subfield code="a">UAB</subfield>
  </datafield>
  <datafield tag="942" ind1=" " ind2=" ">
    <subfield code="2">udc</subfield>
    <subfield code="c">MON</subfield>
  </datafield>
  <datafield tag="952" ind1=" " ind2=" ">
    <subfield code="0">0</subfield>
    <subfield code="1">0</subfield>
    <subfield code="4">0</subfield>
    <subfield code="7">0</subfield>
    <subfield code="a">CDMR</subfield>
    <subfield code="b">CDMR</subfield>
    <subfield code="d">2023-03-30</subfield>
    <subfield code="e">Donaci&#xF3;</subfield>
    <subfield code="g">26.00</subfield>
    <subfield code="l">0</subfield>
    <subfield code="o">Ca 1/55</subfield>
    <subfield code="p">CDMR22040008</subfield>
    <subfield code="r">2023-03-30</subfield>
    <subfield code="w">2023-03-30</subfield>
    <subfield code="y">MON</subfield>
  </datafield>
</record>
